| 000 | 00781nam a2200193 i 4500 | ||
|---|---|---|---|
| 001 | 104413 | ||
| 003 | ES-MaACL | ||
| 005 | 20250824063039.0 | ||
| 007 | t| | ||
| 008 | 051129s1948 sp ||||1| spa d | ||
| 100 | 1 |
_aMillás Vallicrosa, José María, _d1888-1970 _981191 |
|
| 245 | 1 | 0 |
_aAspectos de la dominación árabe en la región ilerdense _b: primera lección del curso 1948-49 / _cprofesada por D. José Mª Millás Vallicrosa. |
| 260 |
_aLérida : _b[s.n.], _c1948 ( _fImp. Provincial) |
||
| 300 |
_a24 p. ; _c24 cm. |
||
| 500 | _aPrecede al tít.: Consejo Superior de Investigaciones Científicas. Instituto de Estudios Ilerdenses. | ||
| 710 | 2 |
_aInstituto de Estudios Ilerdenses. _94911 |
|
| 852 |
_aES-MaACL _j1522-F-4 _bR.26477 |
||
| 999 |
_c104413 _d104413 |
||